Statistics for It's A Man's Man's Man's World - James Brown - All Lyrics

Click here to take the quiz!

General Stats

  • This quiz has been taken 23 times
  • The average score is 129 of 159

Answer Stats

Answer% Correct
a
100%
girl
100%
is
100%
it
100%
Man
100%
man
100%
man's
100%
man's,
100%
Not
100%
nothing,
100%
nothing
100%
Nothing
100%
or
100%
This
100%
woman
100%
world
100%
But
94%
the
94%
without
94%
made
88%
to
88%
be
81%
he
81%
of
81%
see,
81%
You
81%
And
75%
and
75%
boys
75%
girls
75%
road
75%
take
75%
wouldn't
75%
carry
69%
cars
69%
dark
69%
electric
69%
heavy
69%
in
69%
light
69%
load
69%
make
69%
out
69%
over
69%
toys
69%
us
69%
baby
63%
buy
63%
little
63%
money
63%
other
63%
them
63%
thing
63%
train
63%
boat
56%
'cause
56%
from
56%
happy
56%
lost
56%
lost,
56%
one
56%
water,
56%
wilderness
56%
bit
50%
bitterness
50%
can
50%
know
50%
like
50%
makes
50%
ark
44%
everything
44%
everything,
44%
He's
44%
He’s
44%
that
44%
about
38%
for
38%
Noah
38%
thinks
31%
after
19%

Score Distribution

Percentile by Number Answered

Percent of People with Each Score

Your Score History

You have not taken this quiz